00584nam a22001817a 4500003000900000005001700009007000300026008004100029020001800070040002500088082001500113100002200128245008300150260005200233300002600285500007100311700002000382DO-SdBNP20220603090603.0ta110301s2019 dr a 000 0 spa d a9789945915846 aDO-SdBNPbspacBNPHU 4axxxxbJ58p1 aJesús, Elvis de10aPerspectiva Hebrea :bde las escrituras I /cElvis de Jesús, Ángel Duarte  aSanto Domingo :bPublicaciones Libertad,c2019. a115 p. :bil.c21 cm. aIncluye datos biográficos de los autores en la contra portada. 12aDuarte, Ángel